|
|
|
|
| LEADER |
00000nam0a2200000 4500 |
| 001 |
140496 |
| 005 |
20231101220845.0 |
| 010 |
|
|
|a 3540205012
|
| 035 |
|
|
|a (RuTPU)RU\TPU\book\152205
|
| 090 |
|
|
|a 140496
|
| 100 |
|
|
|a 20080701d2004 k y0engy50 ba
|
| 101 |
0 |
|
|a eng
|
| 102 |
|
|
|a DE
|
| 105 |
|
|
|a a z 001zy
|
| 200 |
1 |
|
|a Biomanufacturing
|f editor J.-J. Zhong
|
| 210 |
|
|
|a Berlin
|c Springer-Verlag
|d 2004
|
| 215 |
|
|
|a 329 p.
|c il.
|
| 225 |
1 |
|
|a Advances in Biochemical Engineering/Biotechnology
|v Vol. 87
|
| 320 |
|
|
|a Библиография в конце статей
|
| 320 |
|
|
|a Subject Index: p. 323-329.
|
| 606 |
1 |
|
|a Биотехнология
|2 stltpush
|3 (RuTPU)RU\TPU\subj\28764
|9 52257
|
| 610 |
1 |
|
|a биология
|
| 610 |
1 |
|
|a биотехнология
|
| 610 |
1 |
|
|a химическая технология
|
| 610 |
1 |
|
|a биообъекты
|
| 610 |
1 |
|
|a биотехнологические процессы
|
| 610 |
1 |
|
|a английский язык
|
| 675 |
|
|
|a 60
|v 3
|
| 702 |
|
1 |
|a Zhong
|b J.-J.
|g Jian-Jiang
|4 340
|
| 801 |
|
1 |
|a RU
|b 63413507
|c 20080701
|g PSBO
|
| 801 |
|
2 |
|a RU
|b 63413507
|c 20220802
|g PSBO
|
| 942 |
|
|
|c BK
|